Logo des entreprises du CAC 40 - Statistiques

Statistiques générales
  • Ce quiz a été pris 105 fois
  • Le résultat moyen est 22 sur 40
Statistiques - réponses
Par images Hint Réponse % Correct
Télécommunications Orange
98%
Distribution Carrefour
96%
Banque, services financiers, assurance BNP Paribas
94%
Pneumatique, tourisme Michelin
94%
Assurance, services financiers Axa
91%
Cosmétique L'Oréal
90%
Industrie pétrolière, gaz industriel TotalEnergies
90%
Banque, services financiers, assurance Crédit agricole
89%
Énergie, gaz industriel, industrie pétrolière Engie
89%
Automobile Renault
88%
Banque, services financiers, assurance Société générale
86%
Luxe Hermès
85%
Luxe LVMH
79%
Hôtellerie, tourisme Accor
78%
Agroalimentaire Danone
64%
BTP, Immobilier, autoroutes Vinci
59%
Automobile Stellantis
56%
BTP, immobilier, médias, télécommunications Bouygues
51%
Aéronautique, défense Safran
51%
Environnement, énergie Veolia
48%
Gaz industriel Air Liquide
46%
Pharmacie Sanofi
46%
Aéronautique, défense Airbus
41%
Acier, matériaux de construction ArcelorMittal
38%
Luxe Kering
38%
Immobilier Unibail-Rodamco-Westfield
38%
Équipementier aéronautique Thales
36%
Services informatiques Capgemini
35%
BTP, autoroutes Eiffage
35%
Spiritueux Pernod Ricard
35%
Matériel électrique Schneider Electric
34%
Optique EssilorLuxottica
33%
Technologies STMicroelectronics
33%
Matériaux de construction, verre Saint-Gobain
30%
Publicité, médias Publicis
28%
Certification Bureau Veritas
26%
Services informatiques, technologies Dassault Systèmes
24%
Matériel électrique Legrand
18%
Biotechnologie Eurofins Scientific
16%
Bourse Euronext
14%
Aucun quiz correspondant
Distribution des résultats
% des personnes avec chaque résultat
Percentile par nombre de réponses
Votre historique - résultats
Vous n’avez pas pris ce quiz